Mathematical applications of category theory
Αποθηκεύτηκε σε:
| Συγγραφή απο Οργανισμό/Αρχή: | |
|---|---|
| Άλλοι συγγραφείς: | |
| Μορφή: | Βιβλίο |
| Γλώσσα: | English |
| Δημοσίευση: |
Providence, Rhode island :
American Mathematical Society,
c1984
|
| Σειρά: | Contemporary mathematics (American Mathematical Society) ;
; 30 |
| Θέματα: | |
| Ετικέτες: |
Προσθήκη ετικέτας
Δεν υπάρχουν, Καταχωρήστε ετικέτα πρώτοι!
|
MARC
| LEADER | 00000cam a2200000 i 4500 | ||
|---|---|---|---|
| 001 | 1/3902 | ||
| 008 | 000523s1984 eng d | ||
| 020 | |a 0821850326 | ||
| 035 | |l 10060964 | ||
| 040 | |a GR-MY-UA |b gre |e aacr | ||
| 041 | 0 | |a eng | |
| 082 | 0 | |a 512.55 | |
| 110 | 2 | |a American Mathematical Society. |b Meeting |n (89th : |d 1983 : |c Denver, Colo.) | |
| 245 | 1 | 0 | |a Mathematical applications of category theory / |c J.W. Gray, editor |
| 260 | |a Providence, Rhode island : |b American Mathematical Society, |c c1984 | ||
| 300 | |a vii, 307 p.; |c 26 cm. | ||
| 490 | 1 | |a Contemporary mathematics |v ; 30 | |
| 500 | |a Proceedings of the special session on mathematical applications of category theory, 89th Annual Meeting of the American Mathematical Society, held in Denver, Colorado, January 5-9, 1983 | ||
| 504 | |a Includes bibliographies | ||
| 650 | 0 | 0 | |a Categories (Mathematics) |x Congresses. |
| 700 | 1 | |a Gray, John W. |q (John Walker), |d 1931- |e edt | |
| 830 | 0 | |a Contemporary mathematics (American Mathematical Society) ; |v ; 30 | |
| 852 | |a INST |b SAMOS |e 20000523 |h 512.55 AME |p 005300017170 |q 005300017170 |t BK |y 0 | ||
| 901 | |a BIBL3-2000-2 | ||
| 909 | |a Σ |b 067900 | ||
| 922 | |a 3ΕΛΗ |b 199911 |c ΕΠΕΑΕΚ/ΜΑΘ |d ΠΑΠΑΣΩΤΗΡΙΟΥ | ||
| 970 | |a ΓΕΝΟΥΖΟΥ |b ΧΡΥΣΑΝΘΗ |z 2000/05/23 | ||